Alle Brutvögel Deutschlands - wissenschaftliche Namen - Statistiken

Allgemein
  • Dieses Quiz wurde 12 mal gespielt
    6 seit der letzten Aktualisierung
  • Das Durchschnittsergebnis liegt bei 208 aus 257
Antwortstatistiken
Familie Wissenschaftlicher Artname % Korrekt
Finkenverwandte (Fringillidae) Acanthis cabaret
100%
Habichtverwandte (Accipitridae) Accipiter nisus
100%
Rohrsängerverwandte (Acrocephalidae) Acrocephalus schoenobaenus
100%
Schwanzmeisen (Aegithalidae) Aegithalos caudatus
100%
Eulen (Strigidae) Aegolius funereus
100%
Lerchen (Alaudidae) Alauda arvensis
100%
Alke (Alcidae) Alca torda
100%
Eisvögel (Alcedinidae) Alcedo atthis
100%
Entenverwandte (Anatidae) Alopochen aegyptiaca
100%
Entenverwandte (Anatidae) Anas acuta
100%
Entenverwandte (Anatidae) Anas crecca
100%
Entenverwandte (Anatidae) Anas platyrhynchos
100%
Entenverwandte (Anatidae) Anser anser
100%
Entenverwandte (Anatidae) Anser caerulescens
100%
Entenverwandte (Anatidae) Anser indicus
100%
Segler (Apodidae) Apus apus
100%
Habichtverwandte (Accipitridae) Aquila crysaetos
100%
Reiher (Ardeidae) Ardea alba
100%
Reiher (Ardeidae) Ardea cinerea
100%
Reiher (Ardeidae) Ardea purpurea
100%
Eulen (Strigidae) Asio flammeus
100%
Eulen (Strigidae) Asio otus
100%
Habichtverwandte (Accipitridae) Astur gentilis
100%
Eulen (Strigidae) Athene noctua
100%
Entenverwandte (Anatidae) Aythya ferina
100%
Entenverwandte (Anatidae) Aythya fuligula
100%
Reiher (Ardeidae) Botaurus stellaris
100%
Entenverwandte (Anatidae) Branta canadensis
100%
Entenverwandte (Anatidae) Branta leucopsis
100%
Eulen (Strigidae) Bubo bubo
100%
Habichtverwandte (Accipitridae) Buteo buteo
100%
Schnepfenverwandte (Scolopacidae) Calidris alpina
100%
Nachtschwalben (Caprimulgidae) Caprimulgus europaeus
100%
Finkenverwandte (Fringillidae) Carduelis carduelis
100%
Alke (Alcidae) Cepphus grylle
100%
Baumläufer (Certhiidae) Certhia brachydactyla
100%
Baumläufer (Certhiidae) Certhia familiaris
100%
Finkenverwandte (Fringillidae) Chloris chloris
100%
Möwenverwandte (Laridae) Chroicocephalus ridibundus
100%
Habichtverwandte (Accipitridae) Circus aeruginosus
100%
Habichtverwandte (Accipitridae) Circus cyaneus
100%
Habichtverwandte (Accipitridae) Circus pygargus
100%
Habichtverwandte (Accipitridae) Clanga pomarina
100%
Finkenverwandte (Fringillidae) Coccothraustes coccothraustes
100%
Krähenverwandte (Corvidae) Coloeus monedula
100%
Krähenverwandte (Corvidae) Corvus corax
100%
Krähenverwandte (Corvidae) Corvus cornix
100%
Krähenverwandte (Corvidae) Corvus corone
100%
Krähenverwandte (Corvidae) Corvus frugilegus
100%
Fasanverwandte (Phasianidae) Coturnix coturnix
100%
Kuckucke (Cuculidae) Cuculus canorus
100%
Grasmückenverwandte (Sylviidae) Curruca curruca
100%
Meisen (Paridae) Cyanistes caeruleus
100%
Entenverwandte (Anatidae) Cygnus atratus
100%
Entenverwandte (Anatidae) Cygnus cygnus
100%
Entenverwandte (Anatidae) Cygnus olor
100%
Schwalben (Hirundinidae) Delichon urbicum
100%
Ammern (Emberizidae) Emberiza cia
100%
Ammern (Emberizidae) Emberiza citrinella
100%
Ammern (Emberizidae) Emberiza hortulana
100%
Ammern (Emberizidae) Emberiza schoeniclus
100%
Schnäpperverwandte (Muscicapidae) Erithacus rubecula
100%
Falken (Falconidae) Falco peregrinus
100%
Falken (Falconidae) Falco subbuteo
100%
Falken (Falconidae) Falco tinnunculus
100%
Finkenverwandte (Fringillidae) Fringilla coelebs
100%
Rallen (Rallidae) Fulica atra
100%
Rallen (Rallidae) Gallinula chloropus
100%
Krähenverwandte (Corvidae) Garrulus glandarius
100%
Eulen (Strigidae) Glaucidium passerinum
100%
Kraniche (Gruidae) Grus grus
100%
Austernfischer (Haematopodidae) Haematopus ostralegus
100%
Habichtverwandte (Accipitridae) Haliaeetus albicilla
100%
Säbelschnäblerverwandte (Recurvirostridae) Himantopus himantopus
100%
Rohrsängerverwandte (Acrocephalidae) Hippolais icterina
100%
Schwalben (Hirundinidae) Hirundo rustica
100%
Möwenverwandte (Laridae) Ichthyaetus melanocephalus
100%
Reiher (Ardeidae) Ixobrychus minutus
100%
Fasanverwandte (Phasianidae) Lagopus muta
100%
Möwenverwandte (Laridae) Larus argentatus
100%
Möwenverwandte (Laridae) Larus canus
100%
Möwenverwandte (Laridae) Larus marinus
100%
Finkenverwandte (Fringillidae) Linaria cannabina
100%
Finkenverwandte (Fringillidae) Loxia curvirostra
100%
Schnäpperverwandte (Muscicapidae) Luscinia megarhynchos
100%
Entenverwandte (Anatidae) Mareca penelope
100%
Entenverwandte (Anatidae) Mareca strepera
100%
Fasanverwandte (Phasianidae) Meleagris gallopavo
100%
Entenverwandte (Anatidae) Mergus merganser
100%
Entenverwandte (Anatidae) Mergus serrator
100%
Habichtverwandte (Accipitridae) Milvus migrans
100%
Habichtverwandte (Accipitridae) Milvus milvus
100%
Entenverwandte (Anatidae) Netta rufina
100%
Krähenverwandte (Corvidae) Nucifraga caryocatactes
100%
Reiher (Ardeidae) Nycticorax nycticorax
100%
Schnäpperverwandte (Muscicapidae) Oenanthe oenanthe
100%
Pirole (Oriolidae) Oriolus oriolus
100%
Eulen (Strigidae) Otus scops
100%
Fischadler (Pandionidae) Pandion haliaetus
100%
Bartmeisen (Panuridae) Panurus biarmicus
100%
Meisen (Paridae) Parus major
100%
Fasanverwandte (Phasianidae) Perdix Perdix
100%
Meisen (Paridae) Periparus ater
100%
Habichtverwandte (Accipitridae) Pernis apivorus
100%
Kormorane (Phalacrocoracidae) Phalacrocorax carbo
100%
Fasanverwandte (Phasianidae) Phasianus colchicus
100%
Flamingos (Phoenicopteridae) Phoenicopterus chilensis
100%
Flamingos (Phoenicopteridae) Phoenicopterus roseus
100%
Schnäpperverwandte (Muscicapidae) Phoenicurus ochruros
100%
Schnäpperverwandte (Muscicapidae) Phoenicurus phoenicurus
100%
Krähenverwandte (Corvidae) Pica pica
100%
Ibisse (Threskiornithidae) Platalea leucorodia
100%
Lappentaucher (Podicipedidae) Podiceps cristatus
100%
Lappentaucher (Podicipedidae) Podiceps grisegena
100%
Lappentaucher (Podicipedidae) Podiceps nigricollis
100%
Meisen (Paridae) Poecile montanus
100%
Rallen (Rallidae) Porzana parva
100%
Rallen (Rallidae) Porzana porzana
100%
Braunellen (Prunellidae) Prunella collaris
100%
Altweltpapageien (Psittaculidae) Psittacula krameri
100%
Finkenverwandte (Fringillidae) Pyrrhula pyrrhula
100%
Rallen (Rallidae) Rallus aquaticus
100%
Säbelschnäblerverwandte (Recurvirostridae) Recurvirostra avosetta
100%
Goldhähnchen (Regulidae) Regulus ignicapilla
100%
Goldhähnchen (Regulidae) Regulus regulus
100%
Nandus (Rheidae) Rhea americana
100%
Schwalben (Hirundinidae) Riparia riparia
100%
Schnepfenverwandte (Scolopacidae) Scolopax rusticola
100%
Finkenverwandte (Fringillidae) Serinus serinus
100%
Kleiber (Sittidae) Sitta europaea
100%
Entenverwandte (Anatidae) Spatula clypeata
100%
Entenverwandte (Anatidae) Spatula querquedula
100%
Finkenverwandte (Fringillidae) Spinus spinus
100%
Möwenverwandte (Laridae) Sterna hirundo
100%
Möwenverwandte (Laridae) Sternula albifrons
100%
Eulen (Strigidae) Strix aluco
100%
Eulen (Strigidae) Strix uralensis
100%
Grasmückenverwandte (Sylviidae) Sylvia atricapilla
100%
Grasmückenverwandte (Sylviidae) Sylvia borin
100%
Grasmückenverwandte (Sylviidae) Sylvia communis
100%
Lappentaucher (Podicipedidae) Tachybaptus ruficollis
100%
Entenverwandte (Anatidae) Tadorna ferruginea
100%
Entenverwandte (Anatidae) Tadorna tadorna
100%
Fasanverwandte (Phasianidae) Tetrao urogallus
100%
Zaunkönige (Troglodytidae) Troglodytes troglodytes
100%
Drosseln (Turdidae) Turdus merula
100%
Drosseln (Turdidae) Turdus philomelos
100%
Drosseln (Turdidae) Turdus torquatus
100%
Drosseln (Turdidae) Turdus viscivorus
100%
Schleiereulen (Tytonidae) Tyto alba
100%
Alke (Alcidae) Uria aalge
100%
Entenverwandte (Anatidae) Aix galericulata
80%
Stelzenverwandte (Motacillidae) Anthus trivialis
80%
Schnepfenverwandte (Scolopacidae) Calidris pugnax
80%
Finkenverwandte (Fringillidae) Carduelis citrinella
80%
Seidensängerverwandte (Cettiidae) Cettia cetti
80%
Regenpfeiferverwandte (Charadriidae) Charadrius alexandrinus
80%
Regenpfeiferverwandte (Charadriidae) Charadrius dubius
80%
Regenpfeiferverwandte (Charadriidae) Charadrius hiaticula
80%
Störche (Ciconiidae) Ciconia ciconia
80%
Störche (Ciconiidae) Ciconia nigra
80%
Wasseramseln (Cinclidae) Cinclus cinclus
80%
Tauben (Columbidae) Columba livia forma domestica
80%
Tauben (Columbidae) Columba oenas
80%
Tauben (Columbidae) Columba palumbus
80%
Rallen (Rallidae) Crex crex
80%
Spechte (Picidae) Dendrocopos major
80%
Spechte (Picidae) Dryobates minor
80%
Spechte (Picidae) Dryocopus martius
80%
Sturmvögel (Procellariidae) Fulmarus glacialis
80%
Schnepfenverwandte (Scolopacidae) Gallinago gallinago
80%
Spechte (Picidae) Jynx torquilla
80%
Würger (Laniidae) Lanius collurio
80%
Würger (Laniidae) Lanius excubitor
80%
Meisen (Paridae) Lophophanes cristatus
80%
Schnäpperverwandte (Muscicapidae) Luscinia luscinia
80%
Fasanverwandte (Phasianidae) Lyrurus tetrix
80%
Spinte (Meropidae) Merops apiaster
80%
Sperlinge (Passeridae) Montifringilla nivalis
80%
Tölpel (Sulidae) Morus bassanus
80%
Stelzenverwandte (Motacillidae) Motacilla alba
80%
Stelzenverwandte (Motacillidae) Motacilla cinerea
80%
Stelzenverwandte (Motacillidae) Motacilla flava
80%
Schnepfenverwandte (Scolopacidae) Numenius arquata
80%
Trappen (Otididae) Otis tarda
80%
Sperlinge (Passeridae) Passer domesticus
80%
Sperlinge (Passeridae) Passer montanus
80%
Spechte (Picidae) Picus canus
80%
Spechte (Picidae) Picus viridis
80%
Rallen (Rallidae) Porzana pusilla
80%
Braunellen (Prunellidae) Prunella modularis
80%
Altweltpapageien (Psittaculidae) Psittacula eupatria
80%
Möwenverwandte (Laridae) Rissa tridactyla
80%
Schnäpperverwandte (Muscicapidae) Saxicola rubetra
80%
Entenverwandte (Anatidae) Somateria mollissima
80%
Tauben (Columbidae) Streptopelia decaocto
80%
Tauben (Columbidae) Streptopelia turtur
80%
Starenverwandte (Sturnidae) Sturnus vulgaris
80%
Mauerläufer (Tichodromidae) Tichodroma muraria
80%
Drosseln (Turdidae) Turdus pilaris
80%
Wiedehopfe (Upupidae) Upupa epops
80%
Regenpfeiferverwandte (Charadriidae) Vanellus vanellus
80%
Rohrsängerverwandte (Acrocephalidae) Acrocephalus palustris
60%
Entenverwandte (Anatidae) Bucephala clangula
60%
Triele (Burhinidae) Burhinus oedicnemus
60%
Spechte (Picidae) Dendrocopos leucotos
60%
Spechte (Picidae) Dendrocoptes medius
60%
Ammern (Emberizidae) Emberiza calandra
60%
Ammern (Emberizidae) Emberiza cirlus
60%
Schnäpperverwandte (Muscicapidae) Ficedula albicollis
60%
Rohrsängerverwandte (Acrocephalidae) Hippolais polyglotta
60%
Schnepfenverwandte (Scolopacidae) Limosa limosa
60%
Schwirlverwandte (Locustellidae) Locustella fluviatilis
60%
Lerchen (Alaudidae) Lullula arborea
60%
Spechte (Picidae) Picoides tridactylus
60%
Meisen (Paridae) Poecile palustris
60%
Schnäpperverwandte (Muscicapidae) Saxicola rubicola
60%
Möwenverwandte (Laridae) Sterna paradisaea
60%
Fasanverwandte (Phasianidae) Tetrastes bonasia
60%
Stelzenverwandte (Motacillidae) Anthus campestris
40%
Stelzenverwandte (Motacillidae) Anthus pratensis
40%
Entenverwandte (Anatidae) Aythya nyroca
40%
Schnäpperverwandte (Muscicapidae) Ficedula hypoleuca
40%
Schwirlverwandte (Locustellidae) Locustella luscinioides
40%
Schwirlverwandte (Locustellidae) Locustella naevia
40%
Schnäpperverwandte (Muscicapidae) Luscinia svecica
40%
Schnäpperverwandte (Muscicapidae) Muscicapa striata
40%
Beutelmeisen (Remizidae) Remiz pendulinus
40%
Möwenverwandte (Laridae) Thalasseus sandvicensis
40%
Schnepfenverwandte (Scolopacidae) Actitis hypoleucos
20%
Entenverwandte (Anatidae) Aythya marila
20%
Möwenverwandte (Laridae) Chlidonias hybrida
20%
Möwenverwandte (Laridae) Chlidonias niger
20%
Lerchen (Alaudidae) Galerida cristata
20%
Möwenverwandte (Laridae) Larus fuscus
20%
Laubsänger (Phylloscopidae) Phylloscopus collybita
20%
Schnepfenverwandte (Scolopacidae) Tringa ochropus
20%
Rohrsängerverwandte (Acrocephalidae) Acrocephalus arundinaceus
0%
Rohrsängerverwandte (Acrocephalidae) Acrocephalus scirpaceus
0%
Fasanverwandte (Phasianidae) Alectoris graeca
0%
Eigentliche Papageien (Psittacidae) Amazona oratrix
0%
Stelzenverwandte (Motacillidae) Anthus spinoletta
0%
Finkenverwandte (Fringillidae) Carpodacus erythrinus
0%
Möwenverwandte (Laridae) Chlidonias leucopterus
0%
Schnäpperverwandte (Muscicapidae) Fidecula parva
0%
Möwenverwandte (Laridae) Gelochelidon nilotica
0%
Möwenverwandte (Laridae) Larus cachinnans
0%
Möwenverwandte (Laridae) Larus michahellis
0%
Schnäpperverwandte (Muscicapidae) Monticola saxatilis
0%
Laubsänger (Phylloscopidae) Phylloscopus bonelli
0%
Laubsänger (Phylloscopidae) Phylloscopus sibilatrix
0%
Laubsänger (Phylloscopidae) Phylloscopus trochilus
0%
Schwalben (Hirundinidae) Ptyonoprogne rupestris
0%
Krähenverwandte (Corvidae) Pyrrhocorax graculus
0%
Grasmückenverwandte (Sylviidae) Sylvia nisoria
0%
Segler (Apodidae) Tachymarptis melba
0%
Schnepfenverwandte (Scolopacidae) Tringa totanus
0%
Keine übereinstimmenden Quizze gefunden
Verteilung der Resultate
Anzahl Personen mit jedem Resultat
Perzentil nach korrekt beantworteten Fragen
Ihre Resultats-Entwicklung
Sie haben dieses Quiz seit der letzten Aktualisierung nicht gespielt